High voltage engineering : (Record no. 598646)
[ view plain ]
| 000 -LEADER | |
|---|---|
| fixed length control field | 00343nam a2200121Ia 4500 |
| 008 - FIXED-LENGTH DATA ELEMENTS--GENERAL INFORMATION | |
| fixed length control field | 230907s9999||||xx |||||||||||||| ||und|| |
| 082 ## - DEWEY DECIMAL CLASSIFICATION NUMBER | |
| Classification number | 621.31 |
| Author Mark | KUF |
| 100 ## - MAIN ENTRY--PERSONAL NAME | |
| Personal name | Kuffel, E. |
| 9 (RLIN) | 115520 |
| 245 #0 - TITLE STATEMENT | |
| Title | High voltage engineering : |
| 260 ## - PUBLICATION, DISTRIBUTION, ETC. | |
| Place of publication, distribution, etc. | Butterworth-Heinemann, | Newness, |
| Name of publisher, distributor, etc. | Oxford ; | Boston : |
| Date of publication, distribution, etc. | 2000 |
| 300 ## - PHYSICAL DESCRIPTION | |
| Extent | xiii, 539 p. : |
| 942 ## - ADDED ENTRY ELEMENTS (KOHA) | |
| Koha item type | Book |
| Withdrawn status | Lost status | Damaged status | Not for loan | Permanent Location | Current Location | Date acquired | Total Checkouts | Full call number | Barcode | Date last seen | Date last checked out | Price effective from | Koha item type |
|---|---|---|---|---|---|---|---|---|---|---|---|---|---|
| US-Pakistan Center for Advanced Studies in Energy (USPCAS-E) | Central Library (CL) | 07/23/2019 | 1 | 621.31 KUF | CAS-E0002745 | 12/03/2024 | 09/25/2023 | 09/12/2023 | Book |
